Films d'animation de 2004 en images - Statistiques

Statistiques générales
  • Ce quiz a été pris 95 fois
  • Le résultat moyen est 7 sur 12
Statistiques - réponses
Par images Réponse % Correct
Les Indestructibles
100%
Shrek 2
100%
Bob l'éponge, le film
99%
Gang de requins
74%
Le Pôle express
74%
La Ferme se rebelle
69%
Clifford et ses amis acrobates
62%
Pokémon : La Destinée de Deoxys
59%
Le Château ambulant
56%
Steamboy
8%
La Tour au-delà des nuages
5%
Mind Game
2%
Aucun quiz correspondant
Distribution des résultats
% des personnes avec chaque résultat
Percentile par nombre de réponses
Votre historique - résultats
Vous n’avez pas pris ce quiz